| 000 | 01243nas a2200349 i 4500 | ||
|---|---|---|---|
| 001 | 2516 | ||
| 003 | ES-MaACL | ||
| 005 | 20250730063042.0 | ||
| 008 | 950801d18821883sp a| | 1 ||pa d | ||
| 022 | _a2793-6872 | ||
| 040 | _cES-MaACL | ||
| 080 | _a08 | ||
| 080 | _a069 | ||
| 080 | _a930.25 | ||
| 245 | 0 | 0 | _aAnuario del Cuerpo Facultativo de Archiveros, Bibliotecarios y Anticuarios. |
| 260 |
_aMadrid : _bCuerpo Facultativo de Archiveros, Bibliotecarios y Anticuarios, _c1882-1883 |
||
| 300 |
_a2 volúmenes ; _c24 cm |
||
| 310 | _aAnual | ||
| 362 | 0 | _a1881-1882. | |
| 530 | _aDisponible en formato digital | ||
| 610 | 2 | 4 |
_aCuerpo Facultativo de Archiveros, Bibliotecarios y Anticuarios _93353 |
| 650 | 7 |
_aBiblioteconomía _910554 |
|
| 655 | 7 |
_aAnuarios _9226822 |
|
| 710 | 2 |
_aCuerpo Facultativo de Archiveros, Bibliotecarios y Anticuarios. _eisb _93353 |
|
| 785 | 0 | 0 | _tAnuario del Cuerpo Facultativo de Archiveros, Bibliotecarios y Arqueólogos |
| 852 | 4 |
_aES-MaACL _cSPAL _jC-4725-26 |
|
| 856 |
_uhttps://hemerotecadigital.bne.es/hd/issn/1136-4629 _yVersión en línea _z(Hemeroteca Digital) |
||
| 866 | 0 | _o1881-82 | |
| 942 |
_2udc _cPERIODICA _n0 |
||
| 999 |
_c2516 _d2516 |
||
| 955 | _bPilar Fernández Vera | ||